[Event "HUN-ch U14"]
[Site "Balatonlelle"]
[Date "2019.06.23"]
[Round "3"]
[White "Kresz, Tamas"]
[Black "Pater, Peter"]
[Result "0-1"]
[WhiteElo "1766"]
[BlackElo "1901"]
[PlyCount "48"]
[EventDate "2019.06.21"]
[EventType "swiss"]
[EventRounds "9"]
[EventCountry "HUN"]
[SourceTitle "CBM 191 Extra"]
[Source "ChessBase"]
[SourceDate "2019.09.30"]
[SourceVersion "1"]
[SourceVersionDate "2019.09.30"]
[SourceQuality "1"]

1. e4 e6 2. d3 d5 3. Nd2 c5 4. Ngf3 Nc6 5. g3 Bd6 6. Bg2 Nge7 7. 0-0 0-0 8. Re1 b6 9. h4 Bc7 10. h5 h6 11. e5 f5 12. exf6 Rxf6 13. b3 e5 14. Bb2 Bg4 15. Qc1 d4 16. c3 Bxh5 17. b4 Rc8 18. bxc5 bxc5 19. Ba3 Bd6 20. Ne4 Rxf3 21. Bxf3 Bxf3 22. Nxc5 Qe8 23. g4 Qg6 24. g5 Qh5 0-1

[Event "HUN-ch U14"]
[Site "Balatonlelle"]
[Date "2019.06.22"]
[Round "2"]
[White "Pater, Peter"]
[Black "Nemeth, Zeteny"]
[Result "1-0"]
[WhiteElo "1901"]
[BlackElo "1285"]
[PlyCount "89"]
[EventDate "2019.06.21"]
[EventType "swiss"]
[EventRounds "9"]
[EventCountry "HUN"]
[SourceTitle "CBM 191 Extra"]
[Source "ChessBase"]
[SourceDate "2019.09.30"]
[SourceVersion "1"]
[SourceVersionDate "2019.09.30"]
[SourceQuality "1"]

1. d4 Nf6 2. c4 c5 3. d5 e6 4. Nc3 exd5 5. cxd5 d6 6. e4 g6 7. Bg5 Bg7 8. Bb5+ Bd7 9. Bd3 0-0 10. Qd2 Re8 11. Nge2 Na6 12. 0-0 Nc7 13. a4 a6 14. a5 Bb5 15. Ng3 Qd7 16. Rae1 Ng4 17. h3 Ne5 18. Nxb5 Nxb5 19. f4 Nxd3 20. Qxd3 Qc7 21. f5 c4 22. Qf3 Nd4 23. Qg4 h6 24. Be3 Nc2 25. f6 Bf8 26. Nf5 h5 27. Qg5 Nxe3 28. Rxe3 Kh7 29. Rg3 Rxe4 30. Ne7 Bxe7 31. fxe7 Qxe7 32. Qd2 Kg7 33. Rgf3 Rf8 34. Qc2 Qe5 35. Qf2 Qxd5 36. Kh1 Re7 37. Rf6 Qxa5 38. Rxg6+ Kxg6 39. Qf6+ Kh7 40. Qxe7 Kg8 41. Qxd6 Qb5 42. Qf6 Kh7 43. Rf5 Qc6 44. Rxh5+ Kg8 45. Rh8# 1-0

[Event "HUN-ch U14"]
[Site "Balatonlelle"]
[Date "2019.06.21"]
[Round "1"]
[White "Broderick, Tamas"]
[Black "Pater, Peter"]
[Result "1/2-1/2"]
[WhiteElo "1511"]
[BlackElo "1901"]
[PlyCount "60"]
[EventDate "2019.06.21"]
[EventType "swiss"]
[EventRounds "9"]
[EventCountry "HUN"]
[SourceTitle "CBM 191 Extra"]
[Source "ChessBase"]
[SourceDate "2019.09.30"]
[SourceVersion "1"]
[SourceVersionDate "2019.09.30"]
[SourceQuality "1"]

1. d4 Nf6 2. Bf4 d6 3. e3 Nbd7 4. Nf3 g6 5. Be2 Bg7 6. h3 0-0 7. 0-0 c6 8. c3 Qc7 9. Nbd2 e5 10. Bh2 Ne8 11. dxe5 dxe5 12. Bc4 h6 13. Qc2 b5 14. Be2 Kh7 15. a4 Qb6 16. axb5 cxb5 17. Qb3 Nc7 18. Rfd1 Bb7 19. Ne4 Bxe4 20. Rxd7 Bf5 21. Rd2 Be6 22. Qc2 Nd5 23. Rad1 Rad8 24. e4 Nf4 25. Bxf4 exf4 26. Rxd8 Rxd8 27. Rxd8 Qxd8 28. Bxb5 Qb6 29. Bd3 Bb3 30. Qd2 Qd8 1/2-1/2

[Event "HUN-chT2 Charousek 1819"]
[Site "Hungary"]
[Date "2019.01.27"]
[Round "6.12"]
[White "Nagy, Lajos"]
[Black "Pater, Peter"]
[Result "1/2-1/2"]
[WhiteElo "1798"]
[BlackElo "1882"]
[PlyCount "88"]
[EventDate "2018.09.23"]
[EventType "team-tourn"]
[EventRounds "11"]
[EventCountry "HUN"]
[SourceTitle "CBM 189 Extra"]
[Source "ChessBase"]
[SourceDate "2019.06.03"]
[SourceVersion "1"]
[SourceVersionDate "2019.06.03"]
[SourceQuality "1"]
[WhiteTeam "Paks ASE II"]
[BlackTeam "Komlo Banyasz"]
[WhiteTeamCountry "HUN"]
[BlackTeamCountry "HUN"]

1. e4 e6 2. d4 d5 3. Nc3 Bb4 4. e5 c5 5. a3 Bxc3+ 6. bxc3 Qc7 7. Qg4 f5 8. Qg3 cxd4 9. cxd4 Ne7 10. Bd2 Nbc6 11. c3 0-0 12. f4 Na5 13. Rb1 Nc4 14. Bc1 Bd7 15. Nf3 Rfc8 16. Be2 Qa5 17. Rxb7 Nb6 18. Bd2 Qxa3 19. Kf2 Nc6 20. Rb1 Qe7 21. Ra1 Rab8 22. Rxb8 Rxb8 23. Ng5 a5 24. Bb5 Be8 25. Be2 a4 26. Bc1 Na5 27. Ba3 Qd7 28. Qh4 h6 29. Nf3 Nbc4 30. Bb4 Nb3 31. Rb1 Nbd2 32. Ra1 Ne4+ 33. Kg1 Ncd2 34. Nxd2 Nxd2 35. g4 fxg4 36. Bxg4 Qf7 37. Qh3 Qg6 38. Kf2 Ne4+ 39. Ke3 Bd7 40. Rg1 a3 41. Ra1 Ra8 42. Qh5 Kf7 43. Qxg6+ Kxg6 44. Bf3 a2 1/2-1/2

[Event "HUN-chT2 Asztalos 1718"]
[Site "Hungary"]
[Date "2017.12.03"]
[Round "3.11"]
[White "Kovacs, Botond"]
[Black "Pater, Peter"]
[Result "0-1"]
[WhiteElo "1394"]
[BlackElo "1626"]
[PlyCount "88"]
[EventDate "2017.10.29"]
[EventType "team-tourn"]
[EventRounds "9"]
[EventCountry "HUN"]
[SourceTitle "EXT 2021"]
[Source "ChessBase"]
[SourceDate "2020.10.23"]
[SourceVersion "1"]
[SourceVersionDate "2020.10.23"]
[SourceQuality "1"]
[WhiteTeam "Marcali"]
[BlackTeam "Komlo Banyasz II"]
[WhiteTeamCountry "HUN"]
[BlackTeamCountry "HUN"]

1. e4 e6 2. d4 d5 3. Nc3 Bb4 4. Qf3 dxe4 5. Qxe4 Nf6 6. Qe5 Nc6 7. Bb5 Bd7 8. Bxc6 Bxc6 9. Nge2 h6 10. a3 Bd6 11. Qe3 Qe7 12. Ng3 Bxg2 13. Rg1 Bc6 14. Nge4 Nxe4 15. Nxe4 Bxe4 16. Qxe4 0-0-0 17. f4 Qh4+ 18. Rg3 Qxh2 19. Rb3 c6 20. Be3 Qg3+ 21. Kd2 Qh2+ 22. Kd3 Qh5 23. Rg1 g6 24. Kd2 Qa5+ 25. Kc1 h5 26. c4 Qf5 27. Qf3 h4 28. Rg5 Qf6 29. Ra5 a6 30. Rxa6 bxa6 31. Qxc6+ Bc7 32. Rb7 Rd7 33. d5 exd5 34. cxd5 Qxc6+ 35. dxc6 Rd6 36. Rb4 Rxc6+ 37. Kb1 h3 38. Rd4 h2 39. Ka2 h1Q 40. Bd2 Rc2 41. Bc3 Rxc3 42. bxc3 Rh2+ 43. Kb3 Qb1+ 44. Kc4 Qb5# 0-1

[Event "HUN-chT2 Asztalos 1718"]
[Site "Hungary"]
[Date "2017.11.26"]
[Round "2.11"]
[White "Pater, Peter"]
[Black "Kelemen, Sandor1111"]
[Result "0-1"]
[WhiteElo "1626"]
[BlackElo "1402"]
[PlyCount "48"]
[EventDate "2017.10.29"]
[EventType "team-tourn"]
[EventRounds "9"]
[EventCountry "HUN"]
[SourceTitle "EXT 2021"]
[Source "ChessBase"]
[SourceDate "2020.10.23"]
[SourceVersion "1"]
[SourceVersionDate "2020.10.23"]
[SourceQuality "1"]
[WhiteTeam "Komlo Banyasz II"]
[BlackTeam "Kaposvar Bastya"]
[WhiteTeamCountry "HUN"]
[BlackTeamCountry "HUN"]

1. d4 d5 2. c4 c6 3. e3 Bf5 4. Nf3 Nf6 5. Nbd2 e6 6. Be2 Nbd7 7. Nh4 Bg6 8. Nxg6 hxg6 9. b3 c5 10. Bb2 cxd4 11. Bxd4 Bc5 12. Bb2 Qb6 13. 0-0 Rd8 14. cxd5 Qd6 15. h3 Qxd5 16. Nf3 Qc6 17. Rc1 Qb6 18. Bd4 0-0 19. Qc2 Bxd4 20. Nxd4 Nd5 21. Qb2 N7f6 22. Rc2 a6 23. Rfc1 Qd6 24. Bf3 Kh7 0-1

[Event "Brno op 7th"]
[Site "Brno"]
[Date "2017.11.14"]
[Round "4"]
[White "Tesar, Jan"]
[Black "Pater, Peter"]
[Result "1-0"]
[WhiteElo "2090"]
[BlackElo "1659"]
[PlyCount "57"]
[EventDate "2017.11.11"]
[EventType "swiss"]
[EventRounds "9"]
[EventCountry "CZE"]
[SourceTitle "CBM 181 Extra"]
[Source "ChessBase"]
[SourceDate "2017.12.12"]
[SourceVersion "1"]
[SourceVersionDate "2017.12.12"]
[SourceQuality "1"]

1. d4 Nf6 2. c4 d6 3. Nc3 Nbd7 4. e4 e5 5. d5 Nc5 6. f3 a5 7. Be3 g6 8. Qd2 Bg7 9. Nge2 0-0 10. g4 Bxg4 11. fxg4 Nfxe4 12. Nxe4 Nxe4 13. Qd3 Qh4+ 14. Ng3 Nxg3 15. Bf2 Qxg4 16. hxg3 f5 17. Bh3 Qg5 18. Qd2 Bh6 19. Qxg5 Bxg5 20. Ke2 Rae8 21. Be1 b6 22. Bd2 Bxd2 23. Kxd2 g5 24. Bg2 Kg7 25. Rh5 Kg6 26. Rah1 Rf7 27. Rh6+ Kg7 28. Rxh7+ Kg6 29. R1h6# 1-0

[Event "HUN-chT2 Asztalos 1617"]
[Site "Hungary"]
[Date "2016.12.11"]
[Round "6.12"]
[White "Pater, Peter"]
[Black "Kovacs, Botond"]
[Result "1-0"]
[WhiteElo "1477"]
[BlackElo "1354"]
[PlyCount "103"]
[EventDate "2016.09.25"]
[EventType "team-tourn"]
[EventRounds "11"]
[EventCountry "HUN"]
[SourceTitle "EXT 2021"]
[Source "ChessBase"]
[SourceDate "2020.10.23"]
[SourceVersion "1"]
[SourceVersionDate "2020.10.23"]
[SourceQuality "1"]
[WhiteTeam "Komlo Banyasz II"]
[BlackTeam "Marcali"]
[WhiteTeamCountry "HUN"]
[BlackTeamCountry "HUN"]

1. d4 d5 2. c4 dxc4 3. Nf3 Nc6 4. e3 b5 5. a4 Ba6 6. b3 bxa4 7. bxc4 Bb7 8. Qxa4 Qd6 9. Ba3 Qf6 10. Ra2 0-0-0 11. Be2 e5 12. Bxf8 Rxf8 13. d5 Nge7 14. dxc6 Nxc6 15. Nbd2 Qg6 16. 0-0 e4 17. Nd4 Nxd4 18. exd4 e3 19. Nf3 Re8 20. fxe3 Rxe3 21. Qxa7 Rhe8 22. Bd1 Bxf3 23. Bxf3 Re1 24. Qa8+ Kd7 25. Qd5+ Qd6 26. Bg4+ R8e6 27. Bxe6+ Rxe6 28. Rxf7+ Ke8 29. Qxd6 cxd6 30. Rb7 Re7 31. Rxe7+ Kxe7 32. Ra7+ Ke6 33. Rxg7 d5 34. cxd5+ Kxd5 35. Rxh7 Kxd4 36. Rh5 Ke4 37. Kf2 Kf4 38. h3 Ke4 39. g3 Kd4 40. Kf3 Kd3 41. Rd5+ Kc2 42. Ke3 Kc3 43. Rc5+ Kb4 44. Kd4 Kb3 45. Rc4 Kb2 46. Rc3 Kb1 47. Kd3 Kb2 48. Kd2 Kb1 49. Rc2 Ka1 50. Kc3 Kb1 51. Kb3 Ka1 52. Rc1# 1-0

[Event "HUN-chT2 Asztalos 1617"]
[Site "Hungary"]
[Date "2016.11.27"]
[Round "5.12"]
[White "Pater, Peter"]
[Black "Katona, Eniko"]
[Result "1-0"]
[WhiteElo "1477"]
[BlackElo "1378"]
[PlyCount "109"]
[EventDate "2016.09.25"]
[EventType "team-tourn"]
[EventRounds "11"]
[EventCountry "HUN"]
[SourceTitle "EXT 2021"]
[Source "ChessBase"]
[SourceDate "2020.10.23"]
[SourceVersion "1"]
[SourceVersionDate "2020.10.23"]
[SourceQuality "1"]
[WhiteTeam "Komlo Banyasz II"]
[BlackTeam "Kiraly Sakk"]
[WhiteTeamCountry "HUN"]
[BlackTeamCountry "HUN"]

1. d4 d5 2. c4 dxc4 3. Nf3 Nf6 4. e3 Bf5 5. Bxc4 e6 6. Nc3 Bb4 7. 0-0 0-0 8. Qb3 Nc6 9. a3 Bxc3 10. bxc3 Na5 11. Qb4 Nxc4 12. Qxc4 Nd5 13. Re1 Nb6 14. Qb3 Be4 15. Nd2 Bc6 16. e4 Re8 17. f3 a5 18. Nc4 Nxc4 19. Qxc4 Qd7 20. Bf4 Rac8 21. Qc5 b6 22. Qg5 Qd8 23. Qg3 Qd7 24. Be5 g6 25. Bf6 Qd6 26. Qg5 Qf8 27. Re3 h6 28. Qh4 Bb5 29. f4 Kh7 30. Rh3 h5 31. g4 Be2 32. Kf2 Qh6 33. g5 Qf8 34. Kxe2 c5 35. Rd3 cxd4 36. Bxd4 Red8 37. Qg3 Qd6 38. Qe3 Qc6 39. Rad1 b5 40. h4 Qc4 41. Kf2 Qa2+ 42. R1d2 Qc4 43. Bf6 Rxd3 44. Qxd3 Qc5+ 45. Ke2 Qc6 46. Kf3 Qb6 47. Qd7 Rf8 48. Qe7 Kg8 49. Rd8 Qxd8 50. Qxd8 Rxd8 51. Bxd8 Kf8 52. Bxa5 Ke7 53. Ke3 Kd7 54. Kd4 Kd6 55. Bb4+ 1-0

[Event "HUN-chT2 Asztalos 1617"]
[Site "Hungary"]
[Date "2016.09.25"]
[Round "1.12"]
[White "Pater, Peter"]
[Black "Cseh, Dora"]
[Result "1-0"]
[WhiteElo "1477"]
[BlackElo "1273"]
[PlyCount "55"]
[EventDate "2016.09.25"]
[EventType "team-tourn"]
[EventRounds "11"]
[EventCountry "HUN"]
[SourceTitle "EXT 2021"]
[Source "ChessBase"]
[SourceDate "2020.10.23"]
[SourceVersion "1"]
[SourceVersionDate "2020.10.23"]
[SourceQuality "1"]
[WhiteTeam "Komlo Banyasz II"]
[BlackTeam "Fehervar"]
[WhiteTeamCountry "HUN"]
[BlackTeamCountry "HUN"]

1. d4 d5 2. c4 dxc4 3. Nf3 Nc6 4. e3 Bf5 5. Bxc4 e6 6. 0-0 Qe7 7. Nc3 0-0-0 8. Qe2 Bg4 9. h3 Bxf3 10. Qxf3 h5 11. a4 Rh6 12. a5 Rf6 13. Qxh5 Nh6 14. Qb5 a6 15. Qa4 b5 16. axb6 cxb6 17. Qxc6+ Qc7 18. Bxa6+ Kb8 19. Qxc7+ Kxc7 20. Be2 Nf5 21. Ba6 Nh6 22. Bd2 Nf5 23. Rfc1 Nh4 24. Ne4+ Kd7 25. Bb5+ Ke7 26. Bb4+ Rd6 27. Bxd6+ Kd8 28. Ra8# 1-0

[Event "HUN-ch U10"]
[Site "Balatonlelle"]
[Date "2016.06.28"]
[Round "6"]
[White "Farkas, Otto Jr"]
[Black "Pater, Peter"]
[Result "0-1"]
[WhiteElo "1216"]
[BlackElo "1450"]
[PlyCount "94"]
[EventDate "2016.06.24"]
[EventType "swiss"]
[EventRounds "9"]
[EventCountry "HUN"]
[SourceTitle "CBM 173 Extra"]
[Source "ChessBase"]
[SourceDate "2016.08.29"]
[SourceVersion "1"]
[SourceVersionDate "2016.08.29"]
[SourceQuality "1"]

1. e4 e6 2. d4 d5 3. exd5 exd5 4. Nf3 Bd6 5. Nc3 Ne7 6. Bb5+ Bd7 7. 0-0 Bxb5 8. Nxb5 Nbc6 9. Qe2 Qd7 10. Nxd6+ Qxd6 11. Re1 f6 12. Qe6 Qxe6 13. Rxe6 Kd7 14. Re2 Nf5 15. c3 Rhe8 16. Kf1 Rxe2 17. Kxe2 Re8+ 18. Kd3 Nd8 19. Bd2 Nf7 20. Rc1 N7d6 21. b3 c6 22. Re1 Ne4 23. Re2 Nxd2 24. Kxd2 Rxe2+ 25. Kxe2 Ke6 26. g4 Nd6 27. g5 Ne4 28. gxf6 Kxf6 29. c4 Nc3+ 30. Kd3 Nxa2 31. cxd5 cxd5 32. Ne5 Ke6 33. Nf3 h6 34. Ne5 Nc1+ 35. Kc2 Ne2 36. Kd3 Nf4+ 37. Ke3 Nh5 38. Ng4 Nf6 39. Nxf6 Kxf6 40. Kf4 g5+ 41. Kg4 Kg6 42. f4 h5+ 43. Kf3 a5 44. fxg5 Kxg5 45. Kg3 b5 46. h4+ Kf5 47. Kf3 a4 0-1

[Event "HUN-chT2 Asztalos 1516"]
[Site "Hungary"]
[Date "2016.02.28"]
[Round "8.11"]
[White "Bernath, Bence"]
[Black "Pater, Peter"]
[Result "1/2-1/2"]
[WhiteElo "1307"]
[BlackElo "1405"]
[PlyCount "84"]
[EventDate "2015.09.13"]
[EventType "team-tourn"]
[EventRounds "11"]
[EventCountry "HUN"]
[SourceTitle "EXT 2017"]
[Source "ChessBase"]
[SourceDate "2016.10.25"]
[SourceVersion "1"]
[SourceVersionDate "2016.10.25"]
[SourceQuality "1"]
[WhiteTeam "Pet"]
[BlackTeam "Komlo Banyasz"]
[WhiteTeamCountry "HUN"]
[BlackTeamCountry "HUN"]

1. e4 e6 2. d4 d5 3. Nc3 Bb4 4. e5 c5 5. a3 cxd4 6. Qxd4 Bxc3+ 7. bxc3 Ne7 8. Bd2 Nbc6 9. Bb5 Bd7 10. Bxc6 Bxc6 11. Ne2 Bb5 12. Rb1 Bxe2 13. Kxe2 Qd7 14. Qb4 b6 15. Rhd1 0-0 16. f4 Ng6 17. Be3 Qc6 18. g3 Rac8 19. Rd3 h6 20. Bf2 Rfd8 21. Kd2 Rd7 22. Re1 Qc4 23. Qxc4 Rxc4 24. Rd4 Rdc7 25. Re3 Ne7 26. Rxc4 Rxc4 27. Re1 Ra4 28. Ra1 Kh7 29. Ke2 Kg6 30. Kf3 Rc4 31. Be1 h5 32. a4 Kf5 33. Bd2 a6 34. h3 Nc6 35. Ra3 Na5 36. g4+ hxg4+ 37. hxg4+ Kg6 38. Be3 Rc6 39. Bd4 Nc4 40. Ra1 Rc7 41. Ke2 Rc6 42. Rb1 Kh7 1/2-1/2